Концепция визуализации распространения процесса возбуждения клеток сердца; Современные проблемы науки и образования; № 6: Приложение

Bibliografski detalji
Parent link:Современные проблемы науки и образования.— , 2005-
№ 6: Приложение.— 2015.— [1 c.]
Glavni autor: Григорьев М. Г. Михаил Георгиевич
Autor kompanije: Национальный исследовательский Томский политехнический университет (ТПУ) Институт неразрушающего контроля (ИНК) Кафедра информационно-измерительной техники (ИИТ)
Sažetak:Заглавие с экрана
Законы преобразования в применении к кардиологии не могут быть получены сразу на длительное количество циклов, поскольку сердце является достаточно капризным «механизмом». Признаки тахикардии или брадикардии могут проявиться неожиданно под действием самых различных факторов. Поэтому для предвычисления момента физического времени t для подачи стробирующего сигнала на систему регистрации согласно закону t = t (τ) на каждом цикле проводится коррекция по принципу «предсказание-уточнение» с учетом результатов измерения параметров кардиограммы (прежде всего позиций зубцов) на нескольких предыдущих циклах.
Режим доступа: по договору с организацией-держателем ресурса
Jezik:ruski
Izdano: 2015
Serija:Технические науки
Teme:
Online pristup:http://online.rae.ru/2141
Format: Elektronički Poglavlje knjige
KOHA link:https://koha.lib.tpu.ru/cgi-bin/koha/opac-detail.pl?biblionumber=656633

MARC

LEADER 00000naa0a2200000 4500
001 656633
005 20250404143311.0
035 |a (RuTPU)RU\TPU\network\23074 
035 |a RU\TPU\network\23073 
090 |a 656633 
100 |a 20171123d2015 k||y0rusy50 ca 
101 0 |a rus 
102 |a RU 
135 |a drcn ---uucaa 
181 0 |a i  
182 0 |a b 
200 1 |a Концепция визуализации распространения процесса возбуждения клеток сердца  |f М. Г. Григорьев 
203 |a Текст  |c электронный 
225 1 |a Технические науки 
300 |a Заглавие с экрана 
330 |a Законы преобразования в применении к кардиологии не могут быть получены сразу на длительное количество циклов, поскольку сердце является достаточно капризным «механизмом». Признаки тахикардии или брадикардии могут проявиться неожиданно под действием самых различных факторов. Поэтому для предвычисления момента физического времени t для подачи стробирующего сигнала на систему регистрации согласно закону t = t (τ) на каждом цикле проводится коррекция по принципу «предсказание-уточнение» с учетом результатов измерения параметров кардиограммы (прежде всего позиций зубцов) на нескольких предыдущих циклах. 
333 |a Режим доступа: по договору с организацией-держателем ресурса 
461 |t Современные проблемы науки и образования  |d 2005- 
463 |t № 6: Приложение  |v [1 c.]  |d 2015 
610 1 |a электронный ресурс 
610 1 |a труды учёных ТПУ 
610 1 |a сердце 
610 1 |a визуализация 
610 1 |a клетки 
610 1 |a кардиология 
700 1 |a Григорьев  |b М. Г.  |c специалист в области неразрушающего контроля  |c инженер Томского политехнического университета  |f 1990-  |g Михаил Георгиевич  |3 (RuTPU)RU\TPU\pers\30682 
712 0 2 |a Национальный исследовательский Томский политехнический университет (ТПУ)  |b Институт неразрушающего контроля (ИНК)  |b Кафедра информационно-измерительной техники (ИИТ)  |3 (RuTPU)RU\TPU\col\18718 
801 2 |a RU  |b 63413507  |c 20171123  |g RCR 
856 4 0 |u http://online.rae.ru/2141 
942 |c CF